Krvavý květ /
Neuvadnou mé květy, neutichnou mé písně. Čas na nalezení klíče se krátí, hněv bohyně Flory otřásá světem a proroctví o zkáze sílí. Convallaria a Épine závodí nejen s časem při hledání klíče, ale i se svými city. Convallaria musí přehodnotit vše, čemu věřila. Každé vědění má svou cenu. Bude ochotna j...
Uloženo v:
| Série: | Květinové války,
část 3 |
|---|---|
| Hlavní autor: | |
| Médium: | E-kniha |
| Jazyk: | Czech |
| Vydáno: |
Praha :
Albatros Media a.s.,
2026
|
| Příbuzné jednotky: | Z cyklu::
Květinové války |
| Tagy: |
Žádné tagy |
| LEADER | 01456nam a22002417i 4500 | ||
|---|---|---|---|
| 001 | 313776 | ||
| 007 | ta | ||
| 008 | 260616s2026 xr ||||| |||| 00| 0 cze d | ||
| 020 | |a 9788026751472 | ||
| 044 | |a xr | ||
| 100 | 1 | |a Kočová, Anežka |4 aut | |
| 245 | 1 | 0 | |a Krvavý květ / |c Kočová, Anežka |
| 264 | 1 | |a Praha : |b Albatros Media a.s., |c 2026 | |
| 300 | |a 1 online zdroj (528 stran) | ||
| 336 | |a text |b txt |2 rdacontent | ||
| 337 | |a bez média |b n |2 rdamedia | ||
| 338 | |a online zdroj |b cr |2 rdacarrier | ||
| 520 | 2 | |a Neuvadnou mé květy, neutichnou mé písně. Čas na nalezení klíče se krátí, hněv bohyně Flory otřásá světem a proroctví o zkáze sílí. Convallaria a Épine závodí nejen s časem při hledání klíče, ale i se svými city. Convallaria musí přehodnotit vše, čemu věřila. Každé vědění má svou cenu. Bude ochotna ji zaplatit, aby zachránila svět? Epické finále trilogie Květinové války. | |
| 787 | 0 | 8 | |g 3 |i Z cyklu: |t Květinové války |
| 910 | |a RBIT002 | ||
| 998 | |d 427809 |a https://core.palmknihy.cz/api/books/427809/cover?tgn1oi |b https://core.palmknihy.cz/api/books/427809/cover/400?tgn1oi |c https://core.palmknihy.cz/api/books/427809/cover/50?tgn1oi |e 2030-09-16 |g 528 |i 9788026751472 |j https://core.palmknihy.cz/api/books/427809/preview.epub |k https://core.palmknihy.cz/api/books/427809/preview.pdf |l |q 49 |r 1 |s https://www.palmknihy.cz/kniha/427809 |t ebook |y 2026 |z 1 |v Květinové války |w 3 | ||
| 999 | |d 313774 | ||